书目信息 |
| 题名: |
自动检测技术
|
|
| 作者: | 王化祥 编 | |
| 分册: | ||
| 出版信息: | 北京 化学工业出版社教材出版中心 2004.8 |
|
| 页数: | 358页 | |
| 开本: | 26cm | |
| 丛书名: | ||
| 单 册: | ||
| 中图分类: | TP274-43 | |
| 科图分类: | ||
| 主题词: | 自动检测--zi dong jian ce , 自动检测--zi dong jian ce--高等学校--教材 | |
| 电子资源: | ||
| ISBN: | 7-5025-5034-8 | |
| 000 | 00976nam0 2200277 450 | |
| 001 | CAL 012006033669 | |
| 005 | 20181218092110.34 | |
| 010 | @a7-5025-5034-8@dCNY35.00 | |
| 099 | @aCAL 012006033669 | |
| 100 | @a20060825d2004 em y0chiy0120 ea | |
| 101 | 0 | @achi |
| 102 | @aCN@b110000 | |
| 105 | @aa a 000yy | |
| 200 | 1 | @a自动检测技术@Azi dong jian ce ji shu@f王化祥编 |
| 210 | @a北京@c化学工业出版社教材出版中心@d2004.8 | |
| 215 | @a358页@c图@d26cm | |
| 300 | @a高等学校规划教材 | |
| 320 | @a有书目 (第358页) | |
| 330 | @a全书在介绍测量误差理论、测量系统特性及系统可靠性基本知识的基础上, 较系统地阐述了温度、压力、流量、液位、成分分析及有关机械量等流程工业中主要参数的检测原理等。 | |
| 333 | @a阅读对象: 测控技术与仪器等相关专业的师生 | |
| 606 | 0 | @a自动检测@Azi dong jian ce |
| 606 | 0 | @a自动检测@Azi dong jian ce@x高等学校@j教材 |
| 690 | @aTP274-43@v4 | |
| 701 | 0 | @a王化祥@Awang hua xiang@4编 |
| 801 | 0 | @aCN@c20061026 |
| 905 | @a10447@dTP274-43@eW210 | |
| 自动检测技术/王化祥编.-北京:化学工业出版社教材出版中心,2004.8 |
| 358页:图;26cm |
| 高等学校规划教材.-使用对象:阅读对象: 测控技术与仪器等相关专业的师生 |
| ISBN 7-5025-5034-8:CNY35.00 |
| 全书在介绍测量误差理论、测量系统特性及系统可靠性基本知识的基础上, 较系统地阐述了温度、压力、流量、液位、成分分析及有关机械量等流程工业中主要参数的检测原理等。 |
| ● |
| 相关链接 |
|
|
|
正题名:自动检测技术
索取号:TP274-43/W210
 
预约/预借
| 序号 | 登录号 | 条形码 | 馆藏地/架位号 | 状态 | 备注 |
| 1 | 1301335 | 213013353 | 自科库301/301自科库 43排2列4层/ [索取号:TP274-43/W210] | 在馆 | |
| 2 | 489388 | 204893883 | 自科二线504/504自科库 22排1列6层/ [索取号:TP274-43/W210] | 在馆 | |
| 3 | 630159 | 206301599 | 自科库301/301自科库 43排2列4层/ [索取号:TP274-43/W210] | 在馆 | |
| 4 | 630160 | 206301606 | 自科二线400A/400A自科库 2排1列5层/ [索取号:TP274-43/W210] | 在馆 | |
| 5 | 630161 | 206301615 | 自科二线400A/400A自科库 4排2列3层/ [索取号:TP274-43/W210] | 在馆 |